| 000 | 00426pab a2200169 454500 | ||
|---|---|---|---|
| 008 | 180718b2008 xxu||||| |||| 00| 0 eng d | ||
| 100 | _aMutebi, Alex M. | ||
| 245 | _aExplaining the failure of Thailand's anti-corruption regime | ||
| 260 | _c2008 | ||
| 300 | _ap.147-71. | ||
| 362 | _aJan | ||
| 650 | _aCorruption - Thailand | ||
| 650 | _aCorruption | ||
| 773 | _aDevelopment and Change | ||
| 908 | _aN | ||
| 909 | _a78093 | ||
| 999 |
_c78093 _d78093 |
||